Loading...
| Fine Arts - Visual Fine Arts | 2 | 3 | 2 | 0 | 50 | 72 | 81.20 | 4 | 5 |
| Fine Arts - Auditory Fine Arts | 0 | 4 | 0 | 0 | 40 | 96 | 106.25 | 1 | 4 |
| History - American History | 0 | 3 | 0 | 1 | 30 | 86 | 110.00 | 1 | 3 |
| Pop Culture | 1 | 1 | 0 | 1 | 25 | 66 | 98.50 | 1 | 2 |
| Literature - European Literature | 0 | 2 | 0 | 0 | 20 | 111 | 123.50 | 0 | 2 |
| Literature - World Literature | 0 | 2 | 0 | 0 | 20 | 130 | 143.00 | 0 | 2 |
| Philosophy | 0 | 2 | 0 | 0 | 20 | 117 | 128.50 | 0 | 2 |
| History - World History | 0 | 2 | 1 | 0 | 15 | 121 | 131.00 | 0 | 2 |
| Social Science | 0 | 2 | 1 | 1 | 15 | 104 | 119.00 | 0 | 2 |
| Science - Physics | 0 | 1 | 0 | 1 | 10 | 120 | 120.00 | 0 | 1 |
| Fine Arts - Other Fine Arts | 0 | 1 | 0 | 0 | 10 | 121 | 121.00 | 0 | 1 |
| Literature - American Literature | 0 | 1 | 0 | 0 | 10 | 154 | 154.00 | 0 | 1 |
| Science - Biology | 0 | 1 | 0 | 0 | 10 | 107 | 107.00 | 0 | 1 |
| Science - Chemistry | 0 | 1 | 0 | 0 | 10 | 96 | 96.00 | 0 | 1 |
| Science - Other Science | 0 | 1 | 0 | 0 | 10 | 75 | 75.00 | 1 | 1 |
| History - Other History | 0 | 1 | 0 | 0 | 10 | 114 | 114.00 | 1 | 1 |
| Religion | 0 | 1 | 0 | 1 | 10 | 147 | 147.00 | 0 | 1 |
| Literature - British Literature | 0 | 1 | 0 | 0 | 10 | 156 | 156.00 | 0 | 1 |
| History - European History | 0 | 1 | 2 | 1 | 0 | 110 | 110.00 | 0 | 1 |